International drivers of corruption <a> tool for analysis

Saved in:
Bibliographic Details
Format: Book
Language:English
Published: Paris OECD 2012
Subjects:
Tags: Add Tag
No Tags, Be the first to tag this record!

MARC

LEADER 00000nam a2200000 4500
001 0168786
005 20240315120810.0
020 |a 978-92-64-16750-6 
041 0 |a eng 
044 |a FR 
245 1 0 |a International drivers of corruption  |b <a> tool for analysis 
264 1 |a Paris  |b OECD  |c 2012 
300 |a 105 s. 
610 2 0 |a korupcia 
610 2 0 |a morálka 
610 2 0 |a normy etické 
610 2 0 |a etika hospodárska 
610 2 0 |a etika podnikateľská 
610 2 0 |a podnikanie medzinárodné